000 00719nam a2200289Ia 4500
005 20260324141555.0
008 008 260324s9999 xx 000 0 eng d
020 _a9781315078762
037 _aEBOOK
040 _aCRL
040 _beng
040 _cCRL
041 _2eng
041 _aeng
084 _qCRL
100 _aAllan Martin; Lez Smart; David Yeomans
_91208697
245 0 _aInformation Technology in the Teaching of History
245 0 _bInternational Perspectives
260 _bTaylor and Francis
260 _c1997
365 _a
365 _b260
856 _uhttp://www.taylorfrancis.com/books/9781315078762
942 _cEBOOK
999 _c1811942
_d1811942